Jathi Vyasthithiyum Kerala Charithravum (Record no. 112088)

MARC details
000 -LEADER
fixed length control field 00389nam a2200121Ia 4500
008 - FIXED-LENGTH DATA ELEMENTS--GENERAL INFORMATION
fixed length control field 211119s9999||||xx |||||||||||||| ||und||
082 ## - DEWEY DECIMAL CLASSIFICATION NUMBER
Classification number 954.0954
Item number BAL-J
100 ## - MAIN ENTRY--PERSONAL NAME
Personal name Balakrishnan, P K
245 #0 - TITLE STATEMENT
Title Jathi Vyasthithiyum Kerala Charithravum
260 ## - PUBLICATION, DISTRIBUTION, ETC.
Name of publisher, distributor, etc. National Book Stall
Place of publication, distribution, etc. 1983
Date of publication, distribution, etc. Kottayam
650 ## - SUBJECT ADDED ENTRY--TOPICAL TERM
Topical term or geographic name entry element History&geography
942 ## - ADDED ENTRY ELEMENTS (KOHA)
Koha item type BOOK
650 ## - SUBJECT ADDED ENTRY--TOPICAL TERM
Form subdivision SOUTH Asia; IndiaMalayalam
General subdivision PGR-GANDHIAN STUDIES
Holdings
Withdrawn status Lost status Damaged status Not for loan Home library Current library Date acquired Cost, normal purchase price Total Checkouts Full call number Barcode Shelving location Date last seen Price effective from Koha item type
        SB LIBRARY SB LIBRARY 19/11/2021 200.00   954.0954 BAL-J 00125539 PGR-GANDHIAN STUDIES 19/11/2021 19/11/2021 BOOK

Powered by Koha